| 000 | 00587pam a2200193 a 4500 | ||
|---|---|---|---|
| 001 | 4833287 | ||
| 005 | 20250201103834.0 | ||
| 008 | 900809s1990 nyua 001 0 eng | ||
| 020 |
_a0671700995 : _c$22.95 |
||
| 050 | 0 | 0 |
_aHG179 _b.G542 1990 |
| 082 | 0 | 0 |
_a332.024 _220 |
| 100 | 1 | _aGivens, Charles J. | |
| 245 | 1 | 0 |
_aFinancial self-defense : _bhow to win the fight for financial freedom / _cCharles J. Givens. |
| 260 |
_aNew York : _bSimon and Schuster, _cc1990. |
||
| 300 |
_a488 p. : _bill. ; _c25 cm. |
||
| 500 | _aIncludes index. | ||
| 650 | 0 | _aFinance, Personal. | |
| 942 |
_2lcc _cBK _n0 |
||
| 999 |
_c3343 _d3343 |
||